| 000 | 01494cam a2200433 4500 | ||
|---|---|---|---|
| 001 | J2348 | ||
| 008 | 090401t1994 xxu||||| |||| 00| 0 eng d | ||
| 035 | _a(Sirsi) u48567 | ||
| 041 | _aeng | ||
| 050 | _a526.9 | ||
| 110 | _aFederation International Des Geometres | ||
| 245 | _a... XX congress ... Melbourne, Australia, March 5-12 1994 ... commission 9 ... valuation and management of real estate ... | ||
| 260 |
_bFIG _c1994 |
||
| 300 | _aca.295p. : ill. ; 21cm. | ||
| 350 | _a0 | ||
| 520 | _aPapers include:- real estate valuation: defining a core syllabus/ WALDY, B. - Ten years of expert systems/ JENKINS, D. & GRONOW, S. - Valuation standards and practice in China/ LEUNG, C.Y. - The role of property as an investment medium/ BOYDELL, S. & CLAYTON, P. - Risk in property investment/ DEDDIS, W.G. & MCCLUSKEY, W.J. - Determinants of the capitalisation rate (ARY)/ PARKER, D.R. | ||
| 650 | _aAUSTRALIA | ||
| 650 | _aCAPITALISATION RATE | ||
| 650 | _aCONFERENCES | ||
| 650 | _aESTATE MANAGEMENT | ||
| 650 | _aEUROPE | ||
| 650 | _aEXPERT SYSTEMS | ||
| 650 | _aFRANCE | ||
| 650 | _aHUNGARY | ||
| 650 | _aLILLEHAMMER | ||
| 650 | _aNORWAY | ||
| 650 | _aPAPUA NEW GUINEA | ||
| 650 | _aPOLAND | ||
| 650 | _aPROPERTY INVESTMENT | ||
| 650 |
_aProperty management _96262 |
||
| 650 | _aSINGAPORE | ||
| 650 | _aSURVEYORS | ||
| 650 | _aSWEDEN | ||
| 650 | _aSYDNEY | ||
| 650 | _aUNITED STATES | ||
| 690 | _aLAND SURVEYING | ||
| 942 | _n0 | ||
| 948 | _c04/03/1997 | ||
| 999 |
_c92367 _d92367 |
||